Mathematical methods, 3/e (Record no. 400573)
[ view plain ]
| 000 -LEADER | |
|---|---|
| fixed length control field | 00338 a2200145 4500 |
| 082 ## - DEWEY DECIMAL CLASSIFICATION NUMBER | |
| Classification number | 510 YOU |
| 090 ## - LOCALLY ASSIGNED LC-TYPE CALL NUMBER (OCLC); LOCAL CALL NUMBER (RLIN) | |
| -- | 22653 |
| -- | 22653 |
| 100 ## - MAIN ENTRY--PERSONAL NAME | |
| Personal name | Yusuf, S.M. |
| 245 ## - TITLE STATEMENT | |
| Title | Mathematical methods, 3/e |
| 250 ## - EDITION STATEMENT | |
| Edition statement | 3 |
| 260 ## - PUBLICATION, DISTRIBUTION, ETC. | |
| Place of publication, distribution, etc. | Lahore |
| Name of publisher, distributor, etc. | Ilmi Books |
| Date of publication, distribution, etc. | 2002 |
| 300 ## - PHYSICAL DESCRIPTION | |
| Extent | x, 598 p. |
| 500 ## - GENERAL NOTE | |
| General note | BE textbook H & S dept |
| 942 ## - ADDED ENTRY ELEMENTS (KOHA) | |
| Institution code [OBSOLETE] | NUST-CAE |
| Call number prefix | 510 YOU |
| Withdrawn status | Lost status | Damaged status | Not for loan | Permanent Location | Current Location | Date acquired | Total Checkouts | Full call number | Barcode | Date last seen | Price effective from | Koha item type |
|---|---|---|---|---|---|---|---|---|---|---|---|---|
| College of Aeronautical Engineering (CAE) | College of Aeronautical Engineering (CAE) | 03/29/2018 | 510 YOU | CAE73266 | 03/29/2018 | 03/29/2018 | Book | |||||
| College of Aeronautical Engineering (CAE) | College of Aeronautical Engineering (CAE) | 03/29/2018 | 510 YOU | CAE73267 | 03/29/2018 | 03/29/2018 | Book | |||||
| College of Aeronautical Engineering (CAE) | College of Aeronautical Engineering (CAE) | 03/29/2018 | 510 YOU | CAE73269 | 03/29/2018 | 03/29/2018 | Book | |||||
| College of Aeronautical Engineering (CAE) | College of Aeronautical Engineering (CAE) | 03/29/2018 | 510 YOU | CAE73270 | 03/29/2018 | 03/29/2018 | Book | |||||
| College of Aeronautical Engineering (CAE) | College of Aeronautical Engineering (CAE) | 03/29/2018 | 510 YOU | CAE73271 | 03/29/2018 | 03/29/2018 | Book | |||||
| College of Aeronautical Engineering (CAE) | College of Aeronautical Engineering (CAE) | 03/29/2018 | 510 YOU | CAE73272 | 03/29/2018 | 03/29/2018 | Book | |||||
| College of Aeronautical Engineering (CAE) | College of Aeronautical Engineering (CAE) | 03/29/2018 | 510 YOU | CAE73273 | 03/29/2018 | 03/29/2018 | Book | |||||
| College of Aeronautical Engineering (CAE) | College of Aeronautical Engineering (CAE) | 03/29/2018 | 510 YOU | CAE73275 | 03/29/2018 | 03/29/2018 | Book | |||||
| College of Aeronautical Engineering (CAE) | College of Aeronautical Engineering (CAE) | 03/29/2018 | 510 YOU | CAE73276 | 03/29/2018 | 03/29/2018 | Book | |||||
| College of Aeronautical Engineering (CAE) | College of Aeronautical Engineering (CAE) | 03/29/2018 | 510 YOU | CAE73277 | 03/29/2018 | 03/29/2018 | Book | |||||
| College of Aeronautical Engineering (CAE) | College of Aeronautical Engineering (CAE) | 03/29/2018 | 510 YOU | CAE73274 | 03/29/2018 | 03/29/2018 | Book | |||||
| College of Aeronautical Engineering (CAE) | College of Aeronautical Engineering (CAE) | 03/29/2018 | 510 YOU | CAE73255 | 03/29/2018 | 03/29/2018 | Book |
